012410000a22002770004500090001400000245014500014650002600159650003300185650002400218650003600242651004700278653004400325653004400369653004200413653004100455653004400496041001300540700003700553700003900590700003000629100003600659942001300695773005800708999001700766952018000783 aARb0148410aPollination biology of two columnar cacti (